00813nam a22001937a 4500003000200000005001700002008004100019050003100060100002600091245015100117260009000268300003700358504004100395650003100436650002800467650004400495650004000539650004000579020250129102538.0150916b xxu||||| |||| 00| 0 eng d aPGS BF 723.I64b.G216 2015 aGarcia, Rischelle M.  aSocial skills of class officers and non-class officers of grade 6 students of Southville International School and Colleges /cRischelle M. Garcia. aLas Piñas City, Philippines :bSouthville International School and Colleges,c2015. a25 p. : bill. ;c28 cm. fPASS  aIncludes bibliographical references. aSocial skills in children. aLeadership in children. aElementary school studentsvPsychology. aInterpersonal relations in children aSchool childrenvSocial conditions.